• 首页
  • 本馆介绍
  • 公告通知
  • 最新文献
  • 馆藏检索
  • 电子资源
  • 读者导购
  • 参考咨询
  • 我的图书馆
  • 登录
  • 详细信息显示
  • 放入我的书架
  • 预约/预借图书
  • 作者相关作品
  • 分类相关作品
  • 丛书相关作品
  • 出版社相关作品

书目信息

  • 表格格式
  • 工作单格式
  • 卡片格式
题名:
形形色色的导弹
    
 
作者: 张健志 著
分册:  
出版信息: 北京   北京出版社  1981
页数: 76页
开本: 19cm
丛书名: 自然科学小丛书
单 册:
中图分类: E927
科图分类:
主题词: 武器--军事技术 , 军用器材--军事技术
电子资源:
ISBN:
000 00672nam0 2200253 450
001 0630783459
005 20060722083609.93
010    @dCNY0.21
091    @a13071.118
100    @a20060722d1981 km y0chiy0120 ea
101 0  @achi
102    @aCN@b110000
102    @aCN@b110000
200 1  @a形形色色的导弹@Axing xing se se de dao dan@f张健志著@Fzhang jian zhi zhu
210    @a北京@c北京出版社@d1981
215    @a76页@d19cm
225 2  @a自然科学小丛书
410  0 @12001 @a自然科学小丛书
606 0  @a武器@x军事技术
606 0  @a军用器材@x军事技术
690    @aE927@v3
701  0 @a张健志@Azhang jian zhi@4著
801  0 @aCN@bPFT@c20060722
905    @dE927@e12
    
    形形色色的导弹/张健志著.-北京:北京出版社,1981
    76页;19cm.-(自然科学小丛书)
    
    
    ISBN :CNY0.21
    
●
相关链接 在E读中查询图书 在五车中查询图书 在当当中查询图书 在豆瓣中查询图书


正题名:形形色色的导弹     索取号:E927/12         预约/预借

序号 登录号 条形码 馆藏地/架位号 状态 备注
1 0438016   204380160   密集书库/ [索取号:E927/12] 在馆    
2 0438017   204380179   密集书库/ [索取号:E927/12] 在馆    
3 0438018   204380188   密集书库/ [索取号:E927/12] 在馆    
唐山师范学院图书馆 欢迎您!
大连网信软件有限公司© 版权所有